| 000 | 00399cam a2200169ua 4500 | ||
|---|---|---|---|
| 001 | 6772 | ||
| 008 | 120723n1994 II |||gr||||Z||||||eng | ||
| 040 | _aMAIN | ||
| 041 | _aEnglish | ||
| 082 | _a515.3 KHA | ||
| 100 | _aKHANNA, M. L. | ||
| 245 | _aDIFFERENTIAL EQUATIONS | ||
| 260 |
_aMEERUT _bJAI PRAKASH NATH & CO. _c1994 |
||
| 300 |
_a483: _c25CM. |
||
| 653 | _aDifferential Calculus | ||
| 942 | _cBK | ||
| 999 |
_c6757 _d6757 |
||